| 000 | 00589nam a22002057a 4500 | ||
|---|---|---|---|
| 003 | OSt | ||
| 005 | 20141119144130.0 | ||
| 008 | 130207t xxu||||| |||| 00| 0 eng d | ||
| 020 | _a9789719919322 | ||
| 050 |
_aHF 5635 _b.V34 2013 |
||
| 100 | _aValix, Conrado T. | ||
| 245 |
_aFinancial accounting / _cConrado T. Valix, Jose F. Peralta, Christian Aris M. Valix |
||
| 260 |
_aManila : _bGIC Enterprises, _c2013. |
||
| 300 |
_av, 953 pages : _c22 cm. |
||
| 521 | _aAccountancy | ||
| 650 | _aFinancial Accounting. | ||
| 650 | _aAccountancy. | ||
| 942 |
_2lcc _cBK _kLOC |
||
| 999 |
_c276825 _d276825 |
||